000
00267nam a22001217a 4500
008
260211b ||||| |||| 00| 0 eng d
041
_a
eng
080
_8
0010
_a
0001
100
_a
20
101
_a
ital
245
_a
Viva Verdi
_c
Alberto Cristofori
942
_2
lcc
_c
BK
999
_c
60767
_d
60767